Biochemical and industrial aspects of fermentation

Đã lưu trong:
書目詳細資料
主要作者: Sakaguchi, K.
格式: 圖書
語言:Undetermined
出版: Tokyo Kodansha 1971
主題:
標簽: 添加標簽
沒有標簽, 成為第一個標記此記錄!
Thư viện lưu trữ: Trung tâm Học liệu Trường Đại học Cần Thơ
LEADER 00531nam a2200181Ia 4500
001 CTU_84488
008 210402s9999 xx 000 0 und d
082 |a 660.2 
082 |b S158 
100 |a Sakaguchi, K. 
245 0 |a Biochemical and industrial aspects of fermentation 
245 0 |c K. Sakaguchi, T. Uemura, S. Kinoshita 
260 |a Tokyo 
260 |b Kodansha 
260 |c 1971 
650 |a Fermentation,Industrial microbiology 
904 |i Qhieu(sửa) 
980 |a Trung tâm Học liệu Trường Đại học Cần Thơ